[Event "AUTO-OPEN-4649"]
[Site "http://www.queenalice.com/game.php?id=1872480"]
[Date "2026.4.25"]
[Round "1"]
[White "JoseMessias"]
[Black "MarcosT"]
[Result "0-1"]
[WhiteElo "1495"]
[BlackElo "2108"]

1. g3 e5 2. Bg2 d5 3. d4 e4 4. Be3 Nf6 5. f3 Nc6 6. Bg5 Be7 7. fxe4 dxe4 8. e3
Bg4 9. Ne2 Qd5 10. h4 O-O-O 11. Bh3 Bxh3 12. Rxh3 h6 13. Bxf6 Bxf6 14. Nf4 Qa5+
15. c3 Ne7 16. Nd2 g5 17. Nh5 Qb6 18. Nxe4 Be5 19. Qg4+ f5 20. Qd1 fxe4 21. Qg4+
Kb8 22. Qxe4 Bd6 23. O-O-O Nc6 24. d5 Ne5 25. c4 Rhe8 26. hxg5 hxg5 27. Nf6 Rf8
28. Nh7 Rh8 29. Rd2 g4 30. Rh4 Nf3 31. Rf2 Nxh4 32. gxh4 Qa5 33. Rd2 Qxa2 34.
Ng5 Rxh4 35. Nf7 Rh1+ 36. Qxh1 Qa1+ 37. Kc2 Qxh1 38. Nxd8 g3 39. Ne6 g2 40. c5
Qh7+ 41. Kc3 g1=Q 42. cxd6 Qxe3+ 43. Kb4 Qxd2+ 0-1

[Event "AUTO-OPEN-4649"]
[Site "http://www.queenalice.com/game.php?id=1872481"]
[Date "2026.4.25"]
[Round "1"]
[White "MarcosT"]
[Black "JoseMessias"]
[Result "1-0"]
[WhiteElo "2107"]
[BlackElo "1538"]

1. d4 b6 2. e3 Bb7 3. Nf3 a5 4. Be2 Ba6 5. c4 d5 6. b3 e6 7. a3 dxc4 8. bxc4 c5
9. O-O Nc6 10. Bb2 cxd4 11. Nxd4 Ne5 12. Qa4+ Qd7 13. Qc2 Bc5 14. Rd1 Bxd4 15.
Rxd4 Qc6 16. f4 Ng6 17. Bf3 Qc8 18. Bxa8 Qxa8 19. Qa4+ Kf8 20. Nc3 N8e7 21. Rad1
f5 22. Rd8+ Kf7 23. Rxa8 Rxa8 24. Nb5 Rc8 25. Nd6+ Kf8 26. Nxc8 Bxc8 27. Rd8+
Kf7 28. Qe8# 1-0

[Event "AUTO-OPEN-4650"]
[Site "http://www.queenalice.com/game.php?id=1872789"]
[Date "2026.5.2"]
[Round "1"]
[White "MarcosT"]
[Black "oniwa"]
[Result "1-0"]
[WhiteElo "2039"]
[BlackElo "1967"]

1. e4 e5 2. Nf3 Nc6 3. Bc4 Bc5 4. c3 Nf6 5. b4 Bb6 6. d3 h6 7. O-O O-O 8. Kh1 d6
9. h3 Nh5 10. a4 a5 11. b5 Ne7 12. Nxe5 dxe5 13. Qxh5 Qd6 14. f4 Qf6 15. Nd2 Ng6
16. fxe5 Qxe5 17. Qxg6 Be6 18. Bxe6 fxe6 19. Rxf8+ Rxf8 20. Nf3 Qxc3 21. Qxe6+
Kh8 22. Qe5 Qxe5 23. Nxe5 Rf1+ 24. Kh2 Bd4 25. Bb2 Rxa1 26. Bxa1 Bxa1 27. Nc4 b6
28. g4 g6 29. Kg2 Bd4 30. Kf3 Kg7 31. e5 Kf7 32. Ke4 Bc5 33. d4 Be7 34. d5 Bc5
35. h4 h5 36. gxh5 gxh5 37. Kf5 Be7 38. d6 cxd6 39. Nxd6+ Kg7 40. Nc8 Bxh4 41.
Nxb6 Bd8 42. Nd5 Kf8 43. b6 1-0

[Event "AUTO-OPEN-4650"]
[Site "http://www.queenalice.com/game.php?id=1872790"]
[Date "2026.5.2"]
[Round "1"]
[White "oniwa"]
[Black "MarcosT"]
[Result "1-0"]
[WhiteElo "1995"]
[BlackElo "2078"]

1. e4 e5 2. Nf3 Nf6 3. Nc3 Nc6 4. Bb5 a6 5. Bxc6 dxc6 6. Nxe5 Nxe4 7. Nxe4 Qd4
8. Qf3 Qxe5 9. O-O Be6 10. d3 O-O-O 11. c3 f5 12. Bf4 fxe4 13. Qe3 Qd5 14. dxe4
Qb5 15. b3 Bc5 16. Qg3 Rd7 17. b4 Bd6 18. e5 Bf8 19. a4 Qc4 20. Qe3 Rd3 21. Qc1
Rxc3 22. Qd2 Bxb4 23. Rac1 Rxc1 24. Qxc1 Qd5 25. Rd1 Qa5 26. Qc2 Bc3 27. Qe4 Bd5
28. Qf5+ Kb8 29. e6 g6 30. Qf7 Qc5 31. Qxc7+ Ka7 32. Be3 Qxe3 33. fxe3 1-0

[Event "AUTO-ADV-4908"]
[Site "http://www.queenalice.com/game.php?id=1873507"]
[Date "2026.5.18"]
[Round "2"]
[White "Anusha"]
[Black "MarcosT"]
[Result "0-1"]
[WhiteElo "2185"]
[BlackElo "2074"]

1. c4 e5 2. g3 Nf6 3. Bg2 Bc5 4. d3 c6 5. Nf3 d5 6. Nxe5 O-O 7. O-O dxc4 8. Nxc4
Be6 9. Ne5 Re8 10. Nf3 Nbd7 11. Nc3 Nb6 12. a3 Nbd5 13. Bd2 Nxc3 14. Bxc3 Nd5
15. Bd2 Qb6 16. b4 Bd6 0-1

[Event "AUTO-ADV-4908"]
[Site "http://www.queenalice.com/game.php?id=1873511"]
[Date "2026.5.18"]
[Round "2"]
[White "marcoswerneck"]
[Black "MarcosT"]
[Result "0-1"]
[WhiteElo "1822"]
[BlackElo "2072"]

1. e4 e5 2. d3 d6 3. h3 Nf6 4. Nc3 c6 5. Nf3 Be7 6. Be3 Be6 7. Be2 O-O 8. Qd2
Re8 9. g4 d5 10. exd5 cxd5 11. Nxe5 d4 12. Bh6 dxc3 13. Qg5 g6 14. b3 Nd5 15.
Qc1 Bh4 16. O-O Nc6 17. Nf3 Be7 18. a3 a5 19. d4 Bf6 20. Bb5 Bd7 21. Bxc6 Bxc6
22. Ne5 Bxe5 23. dxe5 Rxe5 24. a4 Qc7 25. Be3 Nxe3 26. fxe3 Rae8 27. Re1 Re4 28.
Qd1 Qg3+ 29. Kf1 Rf4+ 0-1

[Event "AUTO-ADV-4908"]
[Site "http://www.queenalice.com/game.php?id=1873512"]
[Date "2026.5.18"]
[Round "2"]
[White "MarcosT"]
[Black "marcoswerneck"]
[Result "1-0"]
[WhiteElo "2066"]
[BlackElo "1806"]

1. e4 e5 2. Nf3 d6 3. Bc4 h6 4. c3 a6 5. d4 Bg4 6. dxe5 dxe5 7. Qxd8+ Kxd8 8.
Nxe5 Bh5 9. Bxf7 Nf6 10. Bxh5 Ke7 11. Ng6+ 1-0

[Event "AUTO-ADV-4908"]
[Site "http://www.queenalice.com/game.php?id=1873515"]
[Date "2026.5.18"]
[Round "2"]
[White "MarcosT"]
[Black "carlitomontana93270"]
[Result "1-0"]
[WhiteElo "2122"]
[BlackElo "1878"]

1. e4 c5 2. Bc4 e6 3. Nf3 d6 4. c3 Nf6 5. d3 Be7 6. O-O O-O 7. Re1 Nc6 8. a3 a6
9. Ng5 Nd7 10. Qh5 Nf6 11. Qh3 e5 12. Qh4 h6 13. Nf3 Nd7 14. Qg3 Nf6 15. Bxh6
Nh5 16. Qg6 b5 17. Bd5 Be6 18. Bxe6 fxe6 19. Qxh5 gxh6 20. Qg6+ Kh8 21. Qxh6+
Kg8 22. Qxe6+ Kh8 23. Qh6+ Kg8 24. Nbd2 Rf6 25. Qg5+ Kf7 26. Nh4 Ke8 27. Nf5 Kd7
28. Nf3 Rf8 29. Qe3 Rg8 30. g3 Bg5 31. Qe2 Kc7 32. a4 d5 33. axb5 axb5 34. Rxa8
Qxa8 35. exd5 Na5 36. Nxg5 Rxg5 37. Qxe5+ Kb6 38. Qf6+ 1-0

[Event "AUTO-ADV-4908"]
[Site "http://www.queenalice.com/game.php?id=1873516"]
[Date "2026.5.18"]
[Round "2"]
[White "carlitomontana93270"]
[Black "MarcosT"]
[Result "0-1"]
[WhiteElo "1877"]
[BlackElo "2116"]

1. c4 e5 2. d3 d6 3. e3 Nf6 4. Nc3 Be7 5. Nf3 O-O 6. Be2 c5 7. O-O Nc6 8. Re1 a6
9. b3 b6 10. Bd2 Bb7 11. Qc2 Nb4 12. Qd1 h6 13. a3 Nc6 14. h3 d5 15. cxd5 Nxd5
16. e4 Nxc3 17. Bxc3 Nd4 18. Nxd4 cxd4 19. Bd2 Bg5 20. Bb4 Re8 21. Rc1 Bxc1 22.
Qxc1 Rc8 23. Qd2 a5 24. Bxa5 bxa5 0-1

[Event "AUTO-OPEN-4642"]
[Site "http://www.queenalice.com/game.php?id=1874216"]
[Date "2026.5.31"]
[Round "2"]
[White "EduardoRo"]
[Black "MarcosT"]
[Result "0-1"]
[WhiteElo "1753"]
[BlackElo "2121"]

1. e4 e5 2. Nf3 Nf6 3. Nc3 Bc5 4. g3 O-O 5. Bg2 Nc6 6. O-O Re8 7. d3 d5 8. Bg5
Be7 9. exd5 Nxd5 10. Bxe7 Rxe7 11. Ne4 Bg4 12. Neg5 h6 13. c4 Nf6 14. Ne4 Re8
15. h3 Bh5 16. g4 Bg6 17. Nxf6+ Qxf6 18. b3 Rad8 19. Qe2 Bxd3 20. Qe3 Bxf1 21.
Rxf1 e4 22. Nd2 Qb2 23. Nxe4 Kf8 24. Qg3 Ne5 25. Qc3 Qa3 26. f4 Nc6 27. Ng3 Qc5+
28. Kh1 Re3 29. Ne4 Qd4 30. Qxd4 Rxd4 31. Nc5 b6 32. Na4 Nb4 33. Nb2 Rd2 34. Nd1
Ree2 35. Rg1 Nd3 36. Nc3 Nf2+ 37. Kh2 Re3 38. Nd5 Red3 39. Nb4 Nxh3 40. Rf1 Re3
41. Nd5 Ree2 42. Kxh3 Rxg2 43. Ne3 Rh2+ 44. Kg3 Rxa2 45. Nd5 c6 46. Nb4 Rab2 47.
Nd3 Rbd2 48. Ne5 Ra2 49. Nxc6 Rhd2 50. Rf3 Rg2+ 0-1

[Event "AUTO-OPEN-4642"]
[Site "http://www.queenalice.com/game.php?id=1874217"]
[Date "2026.5.31"]
[Round "2"]
[White "MarcosT"]
[Black "EduardoRo"]
[Result "1-0"]
[WhiteElo "2127"]
[BlackElo "1741"]

1. d4 d5 2. e3 g6 3. Bd3 Bg7 4. c3 Nf6 5. Nd2 O-O 6. f4 Bg4 7. Ngf3 e6 8. O-O
Nc6 9. Qe1 a6 10. Ne5 Nxe5 11. fxe5 Nh5 12. h3 Bf5 13. Be2 c5 14. g4 Be4 15.
Nxe4 dxe4 16. gxh5 gxh5 17. Bxh5 Qg5+ 18. Bg4 h5 19. Rf2 Qh4 20. Be2 Qxh3 21.
Rg2 Kh8 22. Bxh5 Qxh5 23. Rh2 Qxh2+ 24. Kxh2 Bh6 25. Qh4 Kh7 26. Bd2 Rg8 27. Rg1
Rxg1 28. Kxg1 Rg8+ 29. Kf1 Rg6 30. Qxe4 b6 31. dxc5 bxc5 32. Qb7 Kg7 33. Qxa6
Rg5 34. Qd6 Rf5+ 35. Ke2 Kg8 36. Qxc5 f6 37. Qc8+ Kf7 38. Qd7+ Kg6 39. Qe8+ Kg7
40. exf6+ Rxf6 41. c4 Bg5 42. a4 Rh6 43. Bc3+ Rf6 44. Bxf6+ Bxf6 45. Qxe6 Kg6
46. Kf3 Kg5 47. e4 Bxb2 48. Qf5+ Kh6 49. Qh3+ Kg5 50. Qg2+ Kf6 51. Qxb2+ Ke6 52.
Kf4 Kd6 53. Qe5+ Kc6 54. Qd5+ Kc7 55. e5 Kb6 56. a5+ 1-0